000 00303nam a22001217a 4500
999 _c4833
_d4833
008 250325b ||||| |||| 00| 0 eng d
020 _a9780192735096
082 _a823.92 THO
100 _aTHOMAS,VALERIE
_eAUTHOR
245 _aWILBUR'S BOOK OF NUMBERS
260 _bOXFORD UNIVERSITY PRESS
942 _2ddc